000 00584nam a22001937a 4500
005 20251108174927.0
008 250721s2009 xx 000 0 ara d
082 1 4 _a305.2/ميل
100 1 _aميلور، كين
_eمؤلف
245 1 0 _aإدارة مرحلة المراهقة /
264 1 _aالقاهرة :
_bدار الفاروق،
_c2009.
300 _a324 ص.
650 1 7 _aالمراهقة
650 1 7 _aالمشاكل الإجتماعية
650 1 7 _aالمراهقون
700 1 _aميلور، إليزابيت
_eمؤلف
942 _2ddc
_cBK
999 _c121744
_d121744